PhDr. Otmar Gergelyi sedemdesiatnikom

Bibliographic Details
Main Author: Chalupecký, Ivan, 1932-2020 (Author)
Format: Article
Language:Slovak
Subjects:

MARC

LEADER 00000nab a2200000 a 4500
001 vtls000399897
003 SK-MaSNL
005 20260303160618.0
008 230223c1989 xo 0 slo
015 |a SNBRB19rr/mm-uuuuu 
035 |a CL0400021 
035 |a urn:nbn:sk:snk-ab7h1p 
035 |a (urnnbn)urn:nbn:sk:snk:ar-005s5h 
035 |a (uuid)5f8680d8-cf4c-4aff-ba24-a3479f896033 
040 |a SNKBUCL  |b slo  |c SNKBUCL  |e AACR2 
041 0 |a slo 
044 |a xo  |c SK 
080 |a 930.25-051  |2 1981 
080 |a 930.1-051  |2 1981 
080 |a 786.6  |2 1981 
080 |a 929 Gergelyi, Otmar  |2 1981 
100 1 |a Chalupecký, Ivan,  |d 1932-2020  |4 aut  |9 199754 
245 1 0 |a PhDr. Otmar Gergelyi sedemdesiatnikom  |c Ivan Chalupecký ; Otmar Gergelyi 
600 1 7 |a Gergelyi, Ottmar,  |d 1919-1995  |2 snkbucl  |9 170068 
655 7 |a články z novín a časopisov  |2 snkbucl  |9 267496 
773 0 |t Slovenská archivistika  |g Roč. 24, č. 2 (1989), s. 209-210 
850 |a Slovenská národná knižnica v Martine  |a MTA001 
852 |a SNK  |b KIS3GCP 
954 |a odborná, vedecká literatúra pôvodná (slovenská)  |2 lita 
958 |a BX 
958 |a RK 
958 |a OND 
958 |a EUIPO 
958 |a article7 
992 |a RBX 
999 |c 2046721  |d 2048651